| 000 | 00544nam a2200205 a 4500 | ||
|---|---|---|---|
| 005 | 20220915063759.0 | ||
| 008 | 991125 bar 000 0 spa u | ||
| 020 | _a8432986569 | ||
| 035 | _aUPN01000059267 | ||
| 049 | _aCG | ||
| 050 | 4 |
_aPN3178 E4 _bR6.9 |
|
| 100 | 1 | _aRomero, María del Pilar | |
| 245 | 1 | 0 |
_aZumo de guindas / _cMaría del Pilar Romero |
| 260 |
_aBarcelona (Esp.) : _bCEAC |
||
| 300 |
_a118 p. : _bil |
||
| 440 | 0 | _aTeatro escolar | |
| 650 | 7 |
_aTeatro escolar infantil _2 _96353 |
|
| 904 |
_aAC _b059270 |
||
| 905 | _aLibro | ||
| 999 |
_c59267 _d59267 |
||